Statistics for Name these Australians

Click here to take the quiz!

General Stats

  • This quiz has been taken 148 times
  • The average score is 18 of 50

Answer Stats

Answer% Correct
Steve Irwin
95%
Hugh Jackman
74%
Nicole Kidman
74%
Chris Hemsworth
73%
Heath Ledger
71%
Kylie Minogue
65%
Cate Blanchett
62%
Olivia Newton-John
57%
Dame Edna (Barry Humphries)
55%
Anthony Albanese
52%
Julia Gillard
52%
Ned Kelly
52%
Rupert Murdoch
52%
Shane Warne
46%
Don Bradman
44%
Paul Hogan
44%
Cathy Freeman
43%
Tony Abbott
43%
Sia
41%
Guy Sebastian
38%
Angus Young
37%
John Howard
37%
Kevin Rudd
37%
Tim Minchin
37%
Evonne Goolagong
33%
Hamish Blake
33%
Adam Hills
30%
David "Kochie" Koch
30%
Andy Lee
29%
Baz Luhrmann
29%
Jessica Mauboy
27%
Gladys Berejiklian
25%
The Kid Laroi
25%
Edmund Barton
24%
Banjo Paterson
23%
Eddie Mabo
22%
Ben Simmons
21%
Kitty Flanagan
21%
Steven Bradbury
21%
Gotye
20%
Jordan Shanks
18%
Mary MacKillop
18%
Emma Watkins
17%
John Curtin
13%
Anthony Field
11%
Herb Elliott
5%
John Flynn
5%
John Monash
5%
MC Pressure
3%
Elizabeth Kenny
1%

Score Distribution

Percentile by Number Answered

Percent of People with Each Score

Your Score History

You have not taken this quiz